|
|
|
|
| LEADER |
00000nab a2200000uu 4500 |
| 001 |
vtls011506328 |
| 003 |
SK-MaSNL |
| 005 |
20260304030234.0 |
| 008 |
250310|1969 xo |||||||||||||||||cze| |
| 015 |
|
|
|a SNBRB
|
| 035 |
|
|
|a (urnnbn)urn:nbn:sk:snk:ar-a0avvf
|
| 035 |
|
|
|a (uuid)fa39ce9f-a8a5-4ff5-9313-ab6d0d960805
|
| 035 |
|
|
|a urn:nbn:sk:snk-abdzjf
|
| 040 |
|
|
|a SNKBUCL
|b slo
|c SNKBUCL
|e AACR2
|
| 041 |
0 |
|
|a cze
|
| 044 |
|
|
|a xo
|c SK
|
| 100 |
1 |
|
|a Tenčík, František,
|d 1912-1974
|4 aut
|9 238741
|
| 245 |
1 |
0 |
|a K OTÁZCE ZVLÁŠTNÍCH FUNKCÍ SLOVESNOSTI PRO DĚTI A MLÁDEŽ
|c František Tenčík
|
| 773 |
0 |
|
|t Zlatý máj : kritická revue tvorby pro mládež
|g Roč. 13, č. 6 (1969), s. 341-346
|
| 958 |
|
|
|a OND
|
| 958 |
|
|
|a article20
|
| 999 |
|
|
|c 2632833
|d 2634763
|